Szczegóły MARC21

Wybrane zagadnienia z badań operacyjnych

005 -DATA I CZAS OSTATNIEJ MODYFIKACJI [,]
    • @
    • pole kontrolne
    • 20070919104428.0
020 -Międzynarod. znormalizowany nr książki - ISBN [ , ]
    • a
    • Numer ISBN
    • 8392198646 Find
040 -Instytucja sporządzająca opis [ , ]
    • a
    • Instytucja, która sporządziła opis (NP)
    • SZCZ U
    • c
    • Instytucja, która sporządziła rekord (NP)
    • SZCZ U
    • d
    • Instytucja, która zmodyfikowała rekord (P)
    • SZCZ U/JŚ
041 -Język dokumentu [0, ]
    • a
    • Język tekstu (P)
    • polski
044 -Kraj miejsca wydania [ , ]
    • a
    • Kraj miejsca wydania
    • Polska
942 -Rodzaj dokumentu [ , ]
    • c
    • Rodzaj dokumentu
    • Książka
100 -Hasło główne - nazwa osobowa [1, ]
    • a
    • Nazwa osobowa (NP)
    • Czyżycki, Rafał
245 -Strefa tytułu i oznaczenia odpowiedzialności [1,0]
    • a
    • Tytuł
    • Wybrane zagadnienia z badań operacyjnych Find
    • c
    • Pozostałe elementy strefy tytułu i oznaczenia odpowiedzialności (NP)
    • Rafał Czyżycki, Marcin Hundert, Rafał Klóska. -
250 -Strefa wydania [ , ]
    • a
    • Oznaczenie wydania (NP)
    • Wyd. 2, popr. i uzup.
260 -Strefa adresu wydawniczego [ , ]
    • a
    • Miejsce wydania (P)
    • Szczecin :
    • b
    • Nazwa wydawcy (P)
    • "Economicus",
    • c
    • Data wydania (P)
    • 2006. -
300 -Strefa opisu fizycznego [ , ]
    • a
    • Określenie formy książki i/lub objętość (NP)
    • 251 s. :
    • c
    • Format (NP)
    • 24 cm.
    • b
    • Oznaczenie ilustracji (NP)
    • il. ;
500 -Uwaga ogólna [ , ]
    • a
    • Uwaga ogólna (NP)
    • Bibliogr.
080 -Uniwersalna Klasyfikacja Dziesiętna [ , ]
    • 2
    • Identyfikator wydania tablic
    • UDC-P058
    • a
    • Symbol klasyfikacji
    • 519.87
    • b
    • Dopowiedzenie
    • Modele matematyczne do badań operacyjnych. Teoria masowej obsługi. Teoria systemów. Analiza systemów.
    • x
    • Poddział wspólny
    • (075.8)
    • b
    • Dopowiedzenie
    • (Podręczniki dla szkół wyższych. Skrypty).
980 -Symbol UKD [ , ]
    • a
    • UKD
    • 519.87(075.8)
700 -Hasło dodatkowe - nazwa osobowa [1, ]
    • a
    • Nazwa osobowa (NP)
    • Hundert, Marcin Find
700 -Hasło dodatkowe - nazwa osobowa [1, ]
    • a
    • Nazwa osobowa (NP)
    • Klóska, Rafał Find
920 -ISBN [ , ]
    • a
    • ISBN
    • 83-921986-4-6 Find
Data inwentaryzacji Lokalizacja Numer inwentarzowy Status udost.
2006-05-24TT.9093-6
2006-05-24TTM.3962-3
2006-05-24TTM.3963-3
2006-05-24TTM.3964-3
2006-05-24TTM.3965-3
2006-05-24TTM.3966-3
2006-05-24TTM.3967-3
2006-05-24TTM.3968-3
2006-05-24TTM.3969-3
2006-05-24TTM.3970-3
2006-05-30TTM.4052-3
2007-08-28TTM.4810-3
2007-08-28TTM.4811-3
2007-08-27TTM.4774-3
2008-03-10TTM.5308-3
2008-03-14TTM.5404-3
2008-04-30TTM.5654-3
2008-11-13TTM.5986-3
2009-04-27TTM.6518-3
2009-04-30TTM.6527-3
2009-07-01TTM.6688-3
2009-08-18TTM.6783-3
2009-10-07TTM.6837-3
2009-10-07TTM.6838-3
2009-10-12TTM.6892-3
2010-05-13TTM.7138-3
2011-09-20TTM.8100-3